000 00346nam a2200133Ia 4500
008 231129s1981||||xx |||||||||||||| ||spa||
040 _bspa
082 _a199.4 K86
100 _aKosik Karel
245 0 _aDialéctica de lo concreto: estudio sobre los problemas del hombre y el mundo
260 _c1981
264 _aGrijalbo
942 _2ddc
_cBKS
999 _c9175
_d9175